LIBRARY & INFORMATION CENTRE, KCAET, TAVANUR

ONLINE PUBLIC ACCESS CATALOGUE (OPAC)

Agricultural marketing in India / (Record no. 1703)

MARC details
000 -LEADER
fixed length control field 00641cam a2200253ua 4500
020 ## - INTERNATIONAL STANDARD BOOK NUMBER
ISBN 81-204-0117-4
041 ## - LANGUAGE CODE
Language code of text/sound track or separate title eng
082 ## - DEWEY DECIMAL CLASSIFICATION NUMBER
Classification number 630.33
Item number ACH/AG
100 ## - MAIN ENTRY--AUTHOR NAME
Personal name Acharya, S.S .
245 ## - TITLE STATEMENT
Title Agricultural marketing in India /
250 ## - EDITION STATEMENT
Edition statement 2 /
260 ## - PUBLICATION, DISTRIBUTION, ETC. (IMPRINT)
Place of publication New Delhi :
Name of publisher Oxford & IBH Publishing company ,
Year of publication 1994.
300 ## - PHYSICAL DESCRIPTION
Number of Pages 403 ; .
700 1# - ADDED ENTRY--PERSONAL NAME
Personal name Agarwal, N.L .
942 ## - ADDED ENTRY ELEMENTS (KOHA)
Koha item type Books
Holdings
Withdrawn status Lost status Damaged status Home library Current library Date acquired Full call number Accession Number Koha item type
      KAUAET KAUAET 07/04/2012 630.33 19339 Books
      KAUAET KAUAET 07/04/2012 630.33 19062 Books
      KAUAET KAUAET 07/04/2012 630.33 19063 Books
      KAUAET KAUAET 07/04/2012 630.33 19064 Books
      KAUAET KAUAET 07/04/2012 630.33 19242 Books
      KAUAET KAUAET 07/04/2012 630.33 19243 Books
free website counter